[Event "GER M05-A email"]
[Site "GER email"]
[Date "2016.06.26"]
[Round "?"]
[White "Betker, Joerg"]
[Black "Broemme, Steffen"]
[Result "1/2-1/2"]
[WhiteElo "2452"]
[BlackElo "2429"]
[PlyCount "51"]
[EventDate "2016.??.??"]
[EventType "tourn (corr)"]
[EventRounds "15"]
[EventCountry "GER"]
[SourceTitle "Corr 2017"]
[Source "ChessBase"]
[SourceDate "2017.09.19"]
[SourceVersion "1"]
[SourceVersionDate "2017.09.19"]
[SourceQuality "1"]

1. e4 c5 2. Nf3 d6 3. d4 cxd4 4. Nxd4 Nf6 5. Nc3 a6 6. Bg5 e6 7. f4 h6 8. Bh4 Qb6 9. a3 Be7 10. Bf2 Qc7 11. Qf3 Nbd7 12. 0-0-0 b5 13. g4 g5 14. h4 gxf4 15. g5 Ne5 16. Qxf4 Nfg4 17. Be2 Nxf2 18. Qxf2 Rb8 19. gxh6 Rxh6 20. h5 b4 21. axb4 Rxb4 22. Na2 Rb8 23. Rh3 Nd7 24. Rg3 Qb6 25. Rb3 Qc5 26. Rxb8 1/2-1/2

[Event "GER M05-A email"]
[Site "GER email"]
[Date "2016.06.26"]
[Round "?"]
[White "Broemme, Steffen"]
[Black "Janisch, Manfred"]
[Result "1/2-1/2"]
[WhiteElo "2429"]
[BlackElo "2387"]
[PlyCount "80"]
[EventDate "2016.??.??"]
[EventType "tourn (corr)"]
[EventRounds "15"]
[EventCountry "GER"]
[SourceTitle "Corr 2017"]
[Source "ChessBase"]
[SourceDate "2017.09.19"]
[SourceVersion "1"]
[SourceVersionDate "2017.09.19"]
[SourceQuality "1"]

1. d4 Nf6 2. c4 e6 3. Nf3 b6 4. g3 Ba6 5. Qc2 c5 6. d5 exd5 7. cxd5 Bb7 8. Bg2 Nxd5 9. 0-0 Nc6 10. Rd1 Be7 11. Qa4 Nf6 12. Nh4 g6 13. Bh6 Bf8 14. Bg5 h6 15. Bxf6 Qxf6 16. Nc3 0-0-0 17. Rd3 g5 18. Nf3 Na5 19. Rad1 Bc6 20. Nb5 Kb8 21. Ne5 Qxe5 22. Bxc6 Nxc6 23. Nxa7 Na5 24. Qb5 Qc7 25. Rxd7 Bg7 26. b3 Be5 27. Kg2 Kxa7 28. Rxc7+ Bxc7 29. Rd7 Kb7 30. Rxf7 Rhf8 31. Rxf8 Rxf8 32. b4 cxb4 33. Qxb4 Rf6 34. Qe4+ Nc6 35. a4 Kc8 36. Qh7 Ne5 37. e3 Kd8 38. f4 gxf4 39. exf4 Nd7 40. Qg8+ Ke7 1/2-1/2